Film dont le titre commence par un T (1) - Version facile - Statistiques

Statistiques générales
  • Ce quiz a été pris 17 fois
  • Le résultat moyen est 7 sur 30
Statistiques - réponses
Année Réalisateur Genre 1 acteur ou
1 actrice
Titre Indice facile % Correct
1997 James Camaron Drame Leonardo DiCaprio Titanic *
100%
1998 Gérard Pirès Action Samy Naceri Taxi *
75%
1986 Tony Scott Aventures Tom Cruise Top Gun *
69%
1986 Bernard Farcy Comédie Michel Blanc Tenue de soirée soirée
50%
1991 Ridley Scott Aventures Susan Sarandon Thelma et Louise et
50%
1985 Gilles Cohen Comédie Michel Boujenah Trois hommes et un couffin hommes
50%
2008 Robert Zorn Fantastique Robert Pattinson Twilight *
50%
1976 Martin Scorcese Drame psychologique Robert De Niro Taxi driver *
44%
1991 Pedro Almodovar Comédie Marisa Paredes Talons aiguilles *
38%
1979 Roman Polanski Drame Nastassja Kinski Tess *
38%
2009 Pascal Elbé Drame Roschdy Zem Tête de Turc turc
31%
2015 Alejandro Gonzalez Western Leonardo DiCaprio The Revenant *
25%
2011 Philippe Lioret Drame Vincent Lindon Toutes nos envies envies
13%
1992 Patrice Leconte Comédie Philippe Noiret Tango *
6%
1978 Philippe De Broca Comédie Philippe Noiret Tendre poulet *
6%
2011 Luc Besson Drame Michelle Yeoh The Lady *
6%
2006 Stephen Frears Drame Michael Sheen The Queen *
6%
2012 Serge Bozon Comédie Samy Nacéri TipTop *
6%
1957 Dick Powell Guerre Robert Mitchum Torpilles sous l'Atlantique Atlantique
6%
2012 Fabien Ontaniente Comédie Thierry Roland Turf *
6%
2015 Alexandre Castagnetti Comédie Sylvie Testud Tamara *
0%
1962 J. Lee Thompson Aventures Yul Brynner Tarass Boulba *
0%
1953 Marcel Carné Drame psychologique Simone Signoret Thérèse Raquin *
0%
1939 Diane English Comédie Meg Ryan The women *
0%
1951 Allan Dwan Guerre Wendell Corey Tonnerre sur le Pacifique Pacifique
0%
2012 David Frankel Comédie Meryl Streep Tous les espoirs sont permis permis
0%
1972 Woody Allen Comédie Woody Allen Tout ce que vous avez toujours voulu savoir sur le sexe sans jamais oser le demander Tout
0%
1956 Maurice de Canonge Musical Marcel Merkès Trois de la Canebière Trois
0%
2015 Cesc Gay Comédie dramatique Ricardo Darin Truman *
0%
2010 Gilles Legrand Drame Niels Arestrup Tu seras mon fils fils
0%
Aucun quiz correspondant
Distribution des résultats
% des personnes avec chaque résultat
Percentile par nombre de réponses
Votre historique - résultats
Vous n’avez pas pris ce quiz